000 00388nam a2200169Ia 4500
001 30253
003 IN-NITTTR
005 20251114233409.0
008 251113s9999||||xx |||||||||||||| ||eng||
040 _beng
040 _cIN-NITTTR
041 _aeng
082 _a519.5 R11S
100 _aRajesh Kumar,
245 0 _aStatistics :
_b an introduction /
_cRajesh Kumar
942 _2ddc
_cBK
999 _c32881
_d32881